| 000 | 00816nam a22002291c 4500 | ||
|---|---|---|---|
| 001 | a987689123 | ||
| 008 | 180306s1977 gw |||| 000u ger d | ||
| 020 |
_a3518006096 _93-518-00609-6 |
||
| 245 | 0 | 0 |
_aEntstalinisierung : _bder XX. Parteitag der KPdSU und seine Folgen / _cBeitr. von Roy Medwedew, Anne Herbst-Oltmanns, Robert Havemann... Hrsg. von Reinhard Crusius udn Manfred Wilke |
| 264 |
_aFrankfurt am Main : _bSuhrkamp, _c1977 |
||
| 300 | _a536 S. | ||
| 610 | 0 | _aKommunistische Partei der Sowjetunion / Parteitag <1956> | |
| 650 | 0 | _aEntstalinisierung | |
| 651 | 0 | _aSowjetunion | |
| 655 | 0 | _aAufsatzsammlung | |
| 700 | 1 |
_aCrusius, Reinhard _eHerausgeberIn |
|
| 700 | 1 |
_aWilke, Wanfred _eHerausgeberIn |
|
| 942 | _cMG | ||
| 040 | _cRU-10907106 | ||
| 003 | RU-10907106 | ||
| 999 |
_c49171 _d49171 |
||
| 490 | 0 |
_aEdition Suhrkamp _v609 |
|